000
00282nam a22001217a 4500
008
170825b xxu||||| |||| 00| 0 eng d
041
_a
eng
080
_a
070
100
_a
39
101
_a
MED
245
_a
PRINCIPLES OF ENGLISH USAGE IN THE DIGITAL AGE
_c
HALE,C
942
_2
udc
_c
BK
999
_c
25048
_d
25048